000 00848nam a2200217 i 4500
001 188322
003 SpMaBN
005 20260305152556.0
008 180807s1920 sp |||| | spa d
080 _a821.134.2-22"18"
100 1 _aAcebal, Francisco,
_d1866-1933
_918208
245 1 4 _aLos antepasados
_b: comedia en dos actos /
_cFrancisco Acebal.
260 _aMadrid :
_b[s.n.],
_c1920 (
_fTip. de la Revista de Archivos)
300 _a118 p. ;
_c19 cm.
530 _aDisponible en formato digital.
594 _aEn port.: Estrenada en el Teatro Español el 26 de noviembre de 1920.
852 _aES-MaACL
_jL-32223
_cDEPO2
_hDonante: herederos de la biblioteca de Mª del Pilar Costa Palacín
856 4 _uhttp://bdh-rd.bne.es/viewer.vm?id=0000190944&page=1
_yBiblioteca Digital Hispánica
942 _2udc
999 _c188322
_d188322